| 000 | 00653nam a2200217 u 4500 | ||
|---|---|---|---|
| 005 | 20220915064202.0 | ||
| 008 | 100811s1998 cl r 000 0 spa d | ||
| 020 | _a958200262X | ||
| 035 | _aUPN01000177292 | ||
| 049 | _aCG | ||
| 050 | 4 |
_aPQ8180.16 L3.5 _bS5.6 1998 |
|
| 100 | 1 |
_aFlaminio Rivera, Carlos, _d1960- _931154 |
|
| 245 | 1 | 0 |
_aSin puntos sobre las íes / _cCarlos Flaminio Rivera. |
| 250 | _a2a ed. | ||
| 260 |
_aSanta Fé de Bogotá : _bMagisterio. _c1998. |
||
| 300 | _a51 p. | ||
| 440 | 0 |
_aPiedra de sol ; _v16. _pCuento |
|
| 650 | 7 |
_aCuentos colombianos _2 _96585 |
|
| 650 | 7 |
_aLiteratura juvenil colombiana _2 _913859 |
|
| 905 | _aLibro | ||
| 999 |
_c149395 _d149395 |
||